El genio femenino la vida, la locura, las palabras. 1. Hannah Arendt (Registro nro. 53972)

Detalles MARC
000 -ENCABEZADO
Número de control [NR] 00930nam a2200277Ia 4500
008 - DE LONGITUD FIJA DE DATOS DE ELEMENTOS - INFORMACIÓN GENERAL
Elementos de longitud fija [NR] 130821s2003 ag gr spa
020 ## - NUMERO INTERNACIONAL NORMALIZADO PARA LIBROS [R]
Número Internacional Normalizado del libro [NR] 9501238075
040 ## - FUENTE DE CATALOGACION [NR]
Agencia de catalogación original [NR] Co-BoUCM
Idioma de catalogación [NR] spa
041 00 - CODIGO DE IDIOMA [R]
Código de idioma para texto/pista de sonido o título separado [R] Español
100 1# - ASIENTO PRINCIPAL--NOMBRE PERSONAL [NR]
Nombre personal [NR] Kristeva, Julia
245 13 - MENCION DE TITULO [NR]
Título [NR] El genio femenino la vida, la locura, las palabras. 1. Hannah Arendt
Mención de responsabilidad, etc. [NR] Julia Kristeva
260 ## - PUBLICACION, DISTRIBUCION, ETC. (PIE DE IMPRENTA) [R]
Lugar de publicación, distribución, etc. [R] Buenos Aires (Argentina)
Nombre del editor, distribuidor, etc. [R] Paidós
Fecha de publicación, distribución, etc. [R] 2003
300 ## - DESCRIPCION FISICA [R]
Extensión [R] 287 páginas
490 ## - MENCION DE SERIE [R]
Mención de serie [R] Género y Cultura
Designación numérica/secuencial del volumen [NR] 7
504 ## - NOTA DE BIBLIOGRAFIA, ETC. [R]
Nota de bibliografía, etc. [NR]
505 ## - NOTA DE CONTENIDO CON FORMATO PREESTABLECIDO [R]
Nota de contenido con formato preestablecido [NR] V.1: Hannah Arendt.--V.2: Melanie Klein.--V.3: Colette.
650 04 - ASIENTO SECUNDARIO DE MATERIA - TERMINO TEMATICO [R]
Término temático o nombre geográfico como elemento de entrada [NR] Filosofía
9 (RLIN) 75
650 04 - ASIENTO SECUNDARIO DE MATERIA - TERMINO TEMATICO [R]
Término temático o nombre geográfico como elemento de entrada [NR] Lingüística
650 04 - ASIENTO SECUNDARIO DE MATERIA - TERMINO TEMATICO [R]
Término temático o nombre geográfico como elemento de entrada [NR] Mujeres en la filosofía
9 (RLIN) 19914
650 04 - ASIENTO SECUNDARIO DE MATERIA - TERMINO TEMATICO [R]
Término temático o nombre geográfico como elemento de entrada [NR] Psicoanálisis
9 (RLIN) 22781
650 04 - ASIENTO SECUNDARIO DE MATERIA - TERMINO TEMATICO [R]
Término temático o nombre geográfico como elemento de entrada [NR] Semiótica
9 (RLIN) 24186
700 1# - ASIENTO SECUNDARIO - NOMBRE PERSONAL [R]
Nombre personal [NR] Piatogorsky, Jorge
Término de relación [R]
765 ## - ASIENTO DE IDIOMA ORIGINAL [R]
Asiento principal [NR] le génie féminin. la vie, la folie, les mots.
942 ## - ELEMENTOS DE ENTRADA AGREGADOS (KOHA)
Tipo de ítem principal el descrito en 300a Libro
Tema principal Filosofía
Edición 1
Parte restante de la signatura top. K929g
Sistema de clasificación DEWEY
Clasificación 190
Existencias
Fecha de último préstamo Total préstamos Total Renewals Signatura topográfica Código de barras Última vez visto Volúmen / Fascículo Ejemplar Price effective from Tipo de ítem Perdido Sistema de clasificación Dañado No prestable Tipo de ítem específico Suprimido Ubicación habitual Ubicación actual Localización Fecha de creación Forma de adquisición Costo
23/05/2019 19 6 190 K929g 100087773 05/12/2025 V.1 Ej.1 03/02/2013 Libro   DEWEY     Libro   Claustro Claustro 2do piso 28/02/2013 Compra 35000.00
30/11/2011 2   190 K929g 100087774 05/12/2025 V.2 Ej.1 03/02/2013 Libro   DEWEY     Libro   Claustro Claustro 2do piso 28/02/2013 Compra 42000.00